[Event "I Torneo Puntay A"]
[Site "Caldaro - Kaltern ITA"]
[Date "2016.10.21"]
[Round "1"]
[White "Bertagnolli, Alexander"]
[Black "Tencati, Giuseppe"]
[WhiteElo "2375"]
[BlackElo "2052"]
[Result "1-0"]
[PlyCount "48"]
[EventDate "2016.10.21"]

1. e4 e6 2. d4 d5 3. exd5 exd5 4. Bd3 Bd6 5. Qf3 c6 6. Ne2 h6 7. O-O Nf6 8. h3
O-O 9. Be3 Re8 10. Nd2 Nbd7 11. Rae1 Nf8 12. g4 N8h7 13. Ng3 Qc7 14. Qg2 Bd7
15. Nf3 g5 16. Ne5 Rxe5 17. dxe5 Bxe5 18. c3 c5 19. Nf5 Bxf5 20. Bxf5 Re8 21.
h4 Ne4 22. c4 Nhf6 23. cxd5 Bxb2 24. f4 Nc3 1-0

[Event "I Torneo Puntay A"]
[Site "Caldaro - Kaltern ITA"]
[Date "2016.10.21"]
[Round "1"]
[White "Bonade, Massimo"]
[Black "Gibitz, Othmar"]
[WhiteElo "2111"]
[BlackElo "1868"]
[Result "1-0"]
[PlyCount "41"]
[EventDate "2016.10.21"]

1. e4 e5 2. Nc3 Bc5 3. Bc4 Nf6 4. f4 d6 5. Nf3 Nc6 6. d3 h6 7. Na4 Bg4 8. Nxc5
dxc5 9. h3 Bxf3 10. Qxf3 Qe7 11. Bb5 O-O 12. Bxc6 bxc6 13. O-O Nd7 14. Qg3 Kh7
15. Be3 f6 16. Rad1 exf4 17. Rxf4 Qd6 18. Qf2 Rfe8 19. Rf1 a6 20. Rg4 Qf8 21.
Qf5+ 1-0

[Event "I Torneo Puntay A"]
[Site "Caldaro - Kaltern ITA"]
[Date "2016.10.21"]
[Round "1"]
[White "Cancian, Loris"]
[Black "Pojer, Romeo"]
[WhiteElo "1856"]
[BlackElo "2084"]
[Result "1-0"]
[PlyCount "99"]
[EventDate "2016.10.21"]

1. b3 e5 2. Bb2 Nc6 3. e3 d5 4. Bb5 Bd6 5. Nf3 Qe7 6. d3 Nf6 7. Nbd2 O-O 8.
Bxc6 bxc6 9. O-O a5 10. c4 Ba6 11. c5 Bxc5 12. Nxe5 Bd6 13. Nxc6 Qe8 14. Qc2
Bxd3 15. Qxd3 Qxc6 16. Nf3 Qa6 17. Qf5 Qc8 18. Qd3 Qg4 19. Rac1 Rfd8 20. Rfd1
a4 21. b4 Qxb4 22. Bxf6 gxf6 23. Nd4 c5 24. Nc6 Qg4 25. Nxd8 Rxd8 26. h3 Qe6
27. Qb5 a3 28. Qa5 Re8 29. Qxa3 Qe5 30. g3 Qf5 31. Kg2 Qe4+ 32. Kg1 Qf3 33. Qa4
Re4 34. Qc2 Re5 35. Rd2 Rg5 36. Qd1 Qe4 37. a4 h5 38. Qc2 Qf3 39. Qd1 Qe4 40.
Qc2 Qe6 41. h4 Re5 42. Qd1 c4 43. Qf3 Rf5 44. Qe2 Bb4 45. Rb2 Bc5 46. Rb5 d4
47. Qxc4 dxe3 48. Qxe6 exf2+ 49. Kf1 fxe6 50. Rbxc5 1-0

[Event "I Torneo Puntay A"]
[Site "Caldaro - Kaltern ITA"]
[Date "2016.10.21"]
[Round "1"]
[White "De Vita, Gianni"]
[Black "De Nisi, Roberta"]
[WhiteElo "2054"]
[BlackElo "1852"]
[Result "1-0"]
[PlyCount "65"]
[EventDate "2016.10.21"]

1. e4 e6 2. d4 d5 3. exd5 exd5 4. Nf3 Bd6 5. c4 c6 6. Nc3 Nf6 7. Bg5 Be6 8.
cxd5 Bxd5 9. Nxd5 cxd5 10. Bb5+ Nc6 11. O-O O-O 12. Re1 Rc8 13. Rc1 Bb4 14. Re2
h6 15. Bh4 Ba5 16. Bxc6 bxc6 17. Ne5 Re8 18. Nxc6 Rxe2 19. Qxe2 Kh8 20. Qe3 Qc7
21. Bxf6 gxf6 22. Qxh6+ Kg8 23. Ne7+ Qxe7 24. Rxc8+ Bd8 25. Qe3 Qd7 26. Qg3+
Kf8 27. Qb8 Ke7 28. Rxd8 Qxd8 29. Qxd8+ Kxd8 30. g4 Ke7 31. f4 Kf8 32. h4 Kg7
33. f5 1-0

[Event "I Torneo Puntay A"]
[Site "Caldaro - Kaltern ITA"]
[Date "2016.10.21"]
[Round "1"]
[White "Gurschler, Gregor"]
[Black "Tirelli, Mauro"]
[WhiteElo "1877"]
[BlackElo "2144"]
[Result "1/2-1/2"]
[PlyCount "24"]
[EventDate "2016.10.21"]

1. e4 c5 2. Nc3 Nc6 3. g3 e6 4. f4 d5 5. d3 d4 6. Nce2 e5 7. Nf3 Bd6 8. Bg2
Nge7 9. f5 f6 10. O-O Bd7 11. g4 h6 12. Ng3 b5 1/2-1/2

[Event "I Torneo Puntay A"]
[Site "Caldaro - Kaltern ITA"]
[Date "2016.10.21"]
[Round "1"]
[White "Niederstaetter, Harald"]
[Black "Dappiano, Andrea"]
[WhiteElo "2002"]
[BlackElo "2288"]
[Result "0-1"]
[PlyCount "80"]
[EventDate "2016.10.21"]

1. d4 e6 2. Nf3 c5 3. e3 d5 4. b3 Nf6 5. Bd3 Nc6 6. O-O b6 7. Bb2 Bd6 8. Nbd2
O-O 9. a3 Bb7 10. Ne5 Ne7 11. f4 Ne4 12. Bxe4 dxe4 13. Qe2 Rc8 14. Rfc1 cxd4
15. Bxd4 Nf5 16. Qf2 f6 17. Nec4 e5 18. Nxd6 Qxd6 19. Bb2 exf4 20. Nc4 Rxc4 21.
bxc4 Nxe3 22. Bc3 Rc8 23. Bd2 Qd4 24. Bxe3 fxe3 25. Qe2 Qd2 26. Re1 Qxe2 27.
Rxe2 Rxc4 28. Rd1 Bc6 29. Rxe3 Rxc2 30. h4 f5 31. Rf1 g6 32. Rf2 Rc1+ 33. Kh2
Kg7 34. h5 Kh6 35. hxg6 hxg6 36. g4 Kg5 37. gxf5 gxf5 38. Rg3+ Kf6 39. Rh3 Ke5
40. Rh5 Bd7 0-1

[Event "I Torneo Puntay A"]
[Site "Caldaro - Kaltern ITA"]
[Date "2016.10.21"]
[Round "1"]
[White "Olivetti, Davide"]
[Black "Beck, Gerald"]
[WhiteElo "2157"]
[BlackElo "1903"]
[Result "0-1"]
[PlyCount "66"]
[EventDate "2016.10.21"]

1. e4 c5 2. Nc3 Nc6 3. Bb5 Nd4 4. Nf3 e6 5. O-O a6 6. Bd3 Bd6 7. Nxd4 cxd4 8.
Ne2 Qh4 9. g3 Qh3 10. Nxd4 Nf6 11. Re1 Ng4 12. Nf3 Bc5 13. Re2 b5 14. a4 Bb7
15. axb5 axb5 16. Rxa8+ Bxa8 17. b4 Bb6 18. Qf1 Qh5 19. h3 Nxf2 20. Qxf2 Bxf2+
21. Rxf2 Qxh3 22. Bb2 Qxg3+ 23. Kf1 f6 24. Nd4 Qh3+ 25. Kg1 e5 26. Nxb5 Bc6 27.
Nc7+ Kd8 28. Bxe5 fxe5 29. Bf1 Qh5 30. Be2 Qg5+ 31. Rg2 Qxd2 32. Nb5 Qe1+ 33.
Bf1 Rf8 0-1

[Event "I Torneo Puntay A"]
[Site "Caldaro - Kaltern ITA"]
[Date "2016.10.21"]
[Round "1"]
[White "Schrott, Johann"]
[Black "Paltrinieri, Nicholas"]
[WhiteElo "1915"]
[BlackElo "2235"]
[Result "1-0"]
[PlyCount "125"]
[EventDate "2016.10.21"]

1. e4 e6 2. d4 d5 3. Nd2 dxe4 4. Nxe4 Bd7 5. Bd3 Bc6 6. Nf3 Nd7 7. Qe2 Ngf6 8.
Nxf6+ Nxf6 9. Bb5 Qd5 10. Bxc6+ Qxc6 11. Bf4 Bb4+ 12. Bd2 Be7 13. O-O O-O 14.
Rfe1 Rad8 15. c4 Rfe8 16. b4 Qa4 17. a3 c6 18. Bc3 b5 19. Ne5 Qb3 20. Rec1 Rc8
21. a4 bxc4 22. Nxc4 Nd5 23. Bd2 Bxb4 24. Rcb1 Qc2 25. Rb2 Qg6 26. Bxb4 Nf4 27.
Qf3 Nd3 28. Rb3 Nxb4 29. Rxb4 c5 30. dxc5 Rxc5 31. Ne3 Rec8 32. Rd1 h5 33. h3
Rc1 34. Rb5 h4 35. Rb4 Qd3 36. Rb7 Rxd1+ 37. Qxd1 Qxd1+ 38. Nxd1 Rc1 39. Rb8+
Kh7 40. Rd8 Ra1 41. Rd4 e5 42. Rd7 f6 43. Kh2 Rxa4 44. g3 hxg3+ 45. Kxg3 Kg6
46. Ne3 Ra3 47. Kg2 Ra4 48. Nd5 a6 49. Nc7 f5 50. Ne8 f4 51. Rxg7+ Kf5 52. h4
f3+ 53. Kg3 e4 54. Rg5+ Ke6 55. Ng7+ Kf6 56. Nf5 Ra1 57. Ne3 a5 58. Rf5+ Ke6
59. h5 a4 60. Ra5 a3 61. Kf4 Ra2 62. Ng4 Re2 63. Rxa3 1-0

[Event "I Torneo Puntay A"]
[Site "Caldaro - Kaltern ITA"]
[Date "2016.10.21"]
[Round "1"]
[White "Smole, Albert"]
[Black "Wertjanz, David"]
[WhiteElo "2045"]
[BlackElo "2332"]
[Result "0-1"]
[PlyCount "62"]
[EventDate "2016.10.21"]

1. e4 c5 2. c3 Nf6 3. e5 Nd5 4. d4 cxd4 5. Nf3 e6 6. cxd4 d6 7. Bc4 Nb6 8. Bb3
dxe5 9. Nxe5 Nc6 10. Nf3 Be7 11. O-O O-O 12. Nc3 Bd7 13. Bf4 Rc8 14. Ne4 Be8
15. Rc1 Nd5 16. Bg3 b6 17. a3 f5 18. Nc3 f4 19. Re1 fxg3 20. Rxe6 gxf2+ 21.
Kxf2 Nxd4 22. Rxe7 Kh8 23. Nxd5 Rxc1 24. Qxd4 Bf7 25. Rxa7 Rc5 26. Qe5 Rb5 27.
Rxf7 Rxf7 28. Qe6 Rxf3+ 29. gxf3 Rxb3 30. Kg3 Qg5+ 31. Qg4 Qxd5 0-1

[Event "I Torneo Puntay A"]
[Site "Caldaro - Kaltern ITA"]
[Date "2016.10.21"]
[Round "1"]
[White "Spornberger, Andre"]
[Black "Casadio, Lorenzo"]
[WhiteElo "2288"]
[BlackElo "1939"]
[Result "1-0"]
[PlyCount "101"]
[EventDate "2016.10.21"]

1. d4 Nf6 2. Bf4 g6 3. e3 d6 4. Nf3 Bg4 5. Be2 Bg7 6. h3 Bxf3 7. Bxf3 c6 8. O-O
Nbd7 9. c4 O-O 10. Nc3 Re8 11. Rc1 Qa5 12. Bh2 Rad8 13. Qc2 e5 14. Rfd1 a6 15.
a3 Qc7 16. b4 b5 17. cxb5 cxb5 18. a4 Rc8 19. axb5 axb5 20. Qd2 Qb6 21. dxe5
Nxe5 22. Be2 Nc4 23. Bxc4 bxc4 24. Bxd6 Rcd8 25. Bc5 Rxd2 26. Bxb6 Rd3 27. Bd4
Nd7 28. Rxd3 cxd3 29. Rd1 Ne5 30. b5 Rc8 31. Kf1 Nf3 32. Bxg7 Kxg7 33. Rxd3 Ne5
34. Rd5 Rxc3 35. Rxe5 Kf6 36. Re8 Rb3 37. Rb8 h5 38. Ke2 g5 39. Kf3 Kf5 40. b6
Rb2 41. g4+ hxg4+ 42. hxg4+ Kf6 43. Ke4 Rxf2 44. Kd5 Rg2 45. Rc8 Rb2 46. Kc6
Rc2+ 47. Kd7 Rd2+ 48. Kc7 Ke7 49. b7 Rd7+ 50. Kc6 Rd6+ 51. Kc5 1-0

[Event "I Torneo Puntay A"]
[Site "Caldaro - Kaltern ITA"]
[Date "2016.10.21"]
[Round "1"]
[White "Spornberger, Maximilian"]
[Black "Engl, Stefan"]
[WhiteElo "2300"]
[BlackElo "2034"]
[Result "1-0"]
[PlyCount "60"]
[EventDate "2016.10.21"]

1. e4 e6 2. d3 c5 3. g3 Nc6 4. Bg2 Nge7 5. Nf3 g6 6. O-O Bg7 7. Re1 d6 8. c3 e5
9. a3 O-O 10. b4 a6 11. Nbd2 h6 12. Rb1 cxb4 13. axb4 b5 14. Nb3 Be6 15. Bd2
Nc8 16. d4 Bxb3 17. Qxb3 Nb6 18. Rbd1 Qc7 19. Bf1 Kh7 20. Be3 Rac8 21. dxe5
Nxe5 22. Nxe5 Bxe5 23. Bh3 Rb8 24. Bd4 Rfe8 25. Qa2 Na4 26. Rd3 Re7 27. f4
Bxd4+ 28. cxd4 Qc4 29. Qd2 Rc7 30. e5 dxe5 1-0

[Event "I Torneo Puntay A"]
[Site "Caldaro - Kaltern ITA"]
[Date "2016.10.22"]
[Round "2"]
[White "Beck, Gerald"]
[Black "Spornberger, Maximilian"]
[WhiteElo "1903"]
[BlackElo "2300"]
[Result "0-1"]
[PlyCount "122"]
[EventDate "2016.10.21"]

1. c4 g6 2. g3 Bg7 3. Nc3 d6 4. Bg2 e5 5. e4 Nc6 6. Nge2 Nge7 7. O-O Be6 8. d3
O-O 9. Nd5 f5 10. Be3 Qd7 11. Qd2 Rf7 12. f3 Raf8 13. Rac1 Kh8 14. b3 Ng8 15.
exf5 Bxf5 16. d4 Bh3 17. dxe5 Nxe5 18. f4 Bxg2 19. Kxg2 Nc6 20. Nd4 Re8 21. Bg1
Nf6 22. Rce1 Nd8 23. Rxe8+ Nxe8 24. Re1 c6 25. Qe2 Rf8 26. Qe7 Qxe7 27. Nxe7
Bf6 28. Ne6 Nxe6 29. Rxe6 Ng7 30. Rxf6 Rxf6 31. Nc8 a6 32. Bd4 Re6 33. Kf3 Kg8
34. g4 Kf7 35. Bc3 Ne8 36. h4 d5 37. Nb6 Rd6 38. Be5 Rd8 39. Ke3 Ke6 40. Na4
dxc4 41. Nc5+ Kf7 42. Nxb7 Rd3+ 43. Ke2 Rg3 44. bxc4 Rxg4 45. Nd8+ Kf8 46. Nxc6
Rg2+ 47. Kd3 Rxa2 48. Nb4 Ra3+ 49. Kd4 Ke7 50. c5 a5 51. Nd5+ Kd7 52. Kc4 Ra2
53. Kb5 Rc2 54. c6+ Rxc6 55. Nb6+ Rxb6+ 56. Kxb6 a4 57. Ka5 a3 58. Kb4 Nd6 59.
Kb3 h5 60. Ka2 Ke6 61. Bg7 Nf5 0-1

[Event "I Torneo Puntay A"]
[Site "Caldaro - Kaltern ITA"]
[Date "2016.10.22"]
[Round "2"]
[White "Bonade, Massimo"]
[Black "Bertagnolli, Alexander"]
[WhiteElo "2111"]
[BlackElo "2375"]
[Result "0-1"]
[PlyCount "120"]
[EventDate "2016.10.21"]

1. e4 c5 2. Nf3 e6 3. d4 cxd4 4. Nxd4 Qb6 5. Nc3 Bc5 6. Na4 Qa5+ 7. c3 Bxd4 8.
Qxd4 Nf6 9. Nc5 Nc6 10. Qd6 b6 11. Nb3 Qe5 12. Qxe5 Nxe5 13. f3 Ke7 14. Be2 Rd8
15. O-O d5 16. f4 Ned7 17. e5 Ne4 18. Nd4 Bb7 19. Be3 f5 20. a4 a5 21. Bb5 Rdc8
22. Rfd1 Ba6 23. Kf1 g5 24. Ke2 gxf4 25. Bxf4 Rg8 26. g3 h5 27. Kf3 h4 28. Bxa6
Rxa6 29. gxh4 Raa8 30. Rg1 Kf7 31. h5 Rxg1 32. Rxg1 Rh8 33. h6 Rh7 34. Rg7+
Rxg7 35. hxg7 Ndc5 36. b4 Nxa4 37. bxa5 bxa5 38. Nxe6 Nac5 39. Nc7 Kxg7 40.
Nxd5 a4 41. Be3 a3 42. Nb4 Nb3 43. Na2 Na5 44. Kf4 Kg6 45. Bd4 Ng5 46. Bf2 Nc4
47. Bd4 Ne6+ 48. Kf3 Kg5 49. Ke2 Kf4 50. Nb4 Ke4 51. h4 Nxe5 52. Bxe5 Kxe5 53.
Na2 Kf4 54. c4 Kg4 55. Kd3 Kxh4 56. Kc3 f4 57. Nc1 Nc5 58. Ne2 f3 59. Ng1 f2
60. Nf3+ Kh3 0-1

[Event "I Torneo Puntay A"]
[Site "Caldaro - Kaltern ITA"]
[Date "2016.10.22"]
[Round "2"]
[White "Casadio, Lorenzo"]
[Black "Olivetti, Davide"]
[WhiteElo "1939"]
[BlackElo "2157"]
[Result "0-1"]
[PlyCount "68"]
[EventDate "2016.10.21"]

1. Nf3 d6 2. g3 g6 3. Bg2 Bg7 4. O-O Nf6 5. d4 O-O 6. c4 Nc6 7. Nc3 a6 8. d5
Na5 9. Qd3 c5 10. Rb1 b5 11. b3 b4 12. e4 bxc3 13. Nh4 e6 14. f4 exd5 15. cxd5
Bd7 16. e5 dxe5 17. fxe5 Ng4 18. Qxc3 Bxe5 19. Qxc5 Rc8 20. Qb4 Nxh2 21. Kxh2
Rc4 22. bxc4 Qxh4+ 23. Kg1 Qxg3 24. Rf3 Qh2+ 25. Kf1 Bg4 26. Qxa5 Bd4 27. Be3
Bxf3 28. Bxf3 Bxe3 29. Bg2 Qg1+ 30. Ke2 Qxg2+ 31. Kxe3 Re8+ 32. Kd4 Qf2+ 33.
Kc3 Re3+ 34. Kb4 Qd2+ 0-1

[Event "I Torneo Puntay A"]
[Site "Caldaro - Kaltern ITA"]
[Date "2016.10.22"]
[Round "2"]
[White "Comai, Samuele"]
[Black "Spornberger, Andre"]
[WhiteElo "1822"]
[BlackElo "2288"]
[Result "0-1"]
[PlyCount "84"]
[EventDate "2016.10.21"]

1. d4 e6 2. c4 f5 3. Nc3 Nf6 4. Nf3 d5 5. Bf4 c6 6. e3 Bd6 7. Bxd6 Qxd6 8. Bd3
Ne4 9. Ne5 O-O 10. Qc2 Nd7 11. f3 Nef6 12. Nxd7 Bxd7 13. cxd5 Nxd5 14. Nxd5
exd5 15. O-O Rae8 16. Rfe1 Kh8 17. Rad1 Qf6 18. Qc3 Qg5 19. Bc2 f4 20. exf4
Qxf4 21. Rxe8 Rxe8 22. Qd2 Qf6 23. Kf2 Bf5 24. Bxf5 Qxf5 25. Qd3 Qf6 26. Qd2 h6
27. g3 b6 28. b4 Ra8 29. Rb1 Qd6 30. Qc3 a5 31. b5 c5 32. dxc5 bxc5 33. b6 d4
34. b7 Rb8 35. Qxa5 c4 36. Qd2 d3 37. Qc3 Qa6 38. Rb2 Qa7+ 39. Kg2 Rxb7 40.
Rxb7 Qxb7 41. Qxc4 Qb2+ 42. Kf1 Qb1+ 0-1

[Event "I Torneo Puntay A"]
[Site "Caldaro - Kaltern ITA"]
[Date "2016.10.22"]
[Round "2"]
[White "Dappiano, Andrea"]
[Black "Schrott, Johann"]
[WhiteElo "2288"]
[BlackElo "1915"]
[Result "1-0"]
[PlyCount "67"]
[EventDate "2016.10.21"]

1. e4 c5 2. Nc3 Nc6 3. g3 g6 4. Bg2 Bg7 5. d3 d6 6. Be3 Nf6 7. h3 Rb8 8. f4 Nd4
9. Nf3 Nd7 10. O-O O-O 11. Qd2 b5 12. a3 a5 13. Rae1 b4 14. axb4 axb4 15. Nd1
b3 16. c3 Nc2 17. Re2 Qa5 18. f5 Ne5 19. Bh6 c4 20. Nxe5 Qxe5 21. d4 Qa5 22. g4
f6 23. h4 Bb7 24. Bf4 Rbd8 25. Nf2 Bc8 26. d5 Ba6 27. Nh3 Rb8 28. Bg3 Bc8 29.
Bf3 Bd7 30. Nf4 Bh6 31. fxg6 hxg6 32. g5 fxg5 33. Nxg6 Rf6 34. Nxe7+ 1-0

[Event "I Torneo Puntay A"]
[Site "Caldaro - Kaltern ITA"]
[Date "2016.10.22"]
[Round "2"]
[White "Engl, Stefan"]
[Black "De Nisi, Roberta"]
[WhiteElo "2034"]
[BlackElo "1852"]
[Result "1/2-1/2"]
[PlyCount "104"]
[EventDate "2016.10.21"]

1. e4 e6 2. d4 d5 3. Nd2 Nf6 4. e5 Nfd7 5. Bd3 c5 6. c3 Nc6 7. Ne2 Be7 8. O-O
O-O 9. f4 f5 10. exf6 gxf6 11. Nf3 f5 12. Be3 c4 13. Bc2 Nf6 14. Ne5 Bd7 15.
Kh1 Kh8 16. Ng3 Nxe5 17. fxe5 Ng4 18. Bf4 Bg5 19. Qd2 Rg8 20. Bd1 Bxf4 21. Rxf4
Qh4 22. Bxg4 Rxg4 23. Rxg4 Qxg4 24. Qh6 Qg6 25. Qh4 Rg8 26. Rf1 Qg5 27. Rf4 Be8
28. Kg1 h6 29. Kf2 Kh7 30. Kf3 a5 31. Qh3 b5 32. a3 Rg7 33. Rh4 b4 34. axb4
axb4 35. Ne2 b3 36. Nf4 Bf7 37. g4 fxg4+ 38. Rxg4 Qxg4+ 39. Qxg4 Rxg4 40. Kxg4
Kg7 41. h3 Kh7 42. h4 Kg7 43. h5 Kh7 44. Ng2 Kg7 45. Nh4 Kh7 46. Nf3 Kg7 47.
Nd2 Kh7 48. Nb1 Kg7 49. Na3 Kf8 50. Nb5 Ke7 51. Nd6 Be8 52. Nxe8 Kxe8 1/2-1/2

[Event "I Torneo Puntay A"]
[Site "Caldaro - Kaltern ITA"]
[Date "2016.10.22"]
[Round "2"]
[White "Gibitz, Othmar"]
[Black "Smole, Albert"]
[WhiteElo "1868"]
[BlackElo "2045"]
[Result "0-1"]
[PlyCount "80"]
[EventDate "2016.10.21"]

1. e4 e5 2. Nf3 Nf6 3. Nc3 Nc6 4. Bb5 Nd4 5. Ba4 Nxf3+ 6. Qxf3 c6 7. d3 d6 8.
h3 Be6 9. Qg3 Be7 10. Bd2 O-O 11. Bb3 Qd7 12. O-O a5 13. Ne2 a4 14. Bxe6 Qxe6
15. f4 Nh5 16. Qf3 Nxf4 17. Nxf4 exf4 18. Qxf4 Bf6 19. c3 b5 20. Qf5 b4 21.
Qxe6 fxe6 22. Rab1 a3 23. d4 c5 24. b3 Rac8 25. dxc5 bxc3 26. Be3 dxc5 27. Rxf6
gxf6 28. Rc1 c4 29. b4 Rfd8 30. Rxc3 Rd3 31. Rxd3 cxd3 32. Kf1 Kf7 33. Ke1 h5
34. g3 Rg8 35. Bf2 f5 36. exf5 exf5 37. Kd2 h4 38. Kxd3 hxg3 39. Bg1 Rc8 40.
Ke3 Rc1 0-1

[Event "I Torneo Puntay A"]
[Site "Caldaro - Kaltern ITA"]
[Date "2016.10.22"]
[Round "2"]
[White "Paltrinieri, Nicholas"]
[Black "Gurschler, Gregor"]
[WhiteElo "2235"]
[BlackElo "1877"]
[Result "1-0"]
[PlyCount "77"]
[EventDate "2016.10.21"]

1. d4 d6 2. c4 e5 3. Nf3 e4 4. Nfd2 f5 5. e3 Nf6 6. Nc3 Be7 7. f3 exf3 8. Qxf3
c6 9. Bd3 g6 10. e4 fxe4 11. Ndxe4 O-O 12. O-O Nxe4 13. Qxe4 Rxf1+ 14. Bxf1 Bf5
15. Qf3 Nd7 16. Bf4 Nf6 17. h3 Qf8 18. g4 Bd7 19. Re1 Ne8 20. Qg3 Bf6 21. Rd1
a6 22. a4 Bh4 23. Qh2 Qe7 24. a5 Rd8 25. Rd3 Qf6 26. Ne4 Qf7 27. b3 d5 28. Nc5
Bc8 29. Re3 Bf6 30. Be5 Bg5 31. Rc3 Be7 32. cxd5 cxd5 33. Qe2 Bd6 34. Bg2 Nc7
35. Bxd6 Rxd6 36. Qe5 Rf6 37. Nxa6 Re6 38. Qxc7 Re8 39. Qxc8 1-0

[Event "I Torneo Puntay A"]
[Site "Caldaro - Kaltern ITA"]
[Date "2016.10.22"]
[Round "2"]
[White "Pojer, Romeo"]
[Black "Thurner, Markus"]
[WhiteElo "2084"]
[BlackElo "2012"]
[Result "1-0"]
[PlyCount "93"]
[EventDate "2016.10.21"]

1. e4 e6 2. d4 d5 3. Nc3 Bb4 4. Nge2 dxe4 5. a3 Be7 6. Nxe4 Bd7 7. Qd3 Nf6 8.
Nxf6+ Bxf6 9. Bf4 O-O 10. O-O-O Nc6 11. h4 b5 12. d5 Ne5 13. Qg3 Nc4 14. Nc3 e5
15. Bg5 Nd6 16. Bd3 Kh8 17. Ne4 Be7 18. Bd2 Nxe4 19. Bxe4 f5 20. d6 fxe4 21.
dxe7 Qxe7 22. Bc3 Rae8 23. Rd5 Rf6 24. Rxe5 Re6 25. Rg5 Rg8 26. Qxc7 h6 27.
Qxa7 Kh7 28. Rd5 Bc6 29. Qxe7 Rxe7 30. Rc5 Re6 31. Re1 Rf8 32. f3 exf3 33. gxf3
Rfe8 34. Rg1 R8e7 35. f4 Be8 36. f5 Re4 37. f6 gxf6 38. Bxf6 Rf7 39. Bd8 Rd7
40. Rc8 Re6 41. Ba5 Bg6 42. Bc3 Be8 43. b3 Re3 44. Kb2 Re2 45. Rf1 Rb7 46. Rf8
Bf7 47. Rc6 1-0

[Event "I Torneo Puntay A"]
[Site "Caldaro - Kaltern ITA"]
[Date "2016.10.22"]
[Round "2"]
[White "Tencati, Giuseppe"]
[Black "Niederstaetter, Harald"]
[WhiteElo "2052"]
[BlackElo "2002"]
[Result "1/2-1/2"]
[PlyCount "44"]
[EventDate "2016.10.21"]

1. d4 d6 2. e4 Nf6 3. Nc3 e5 4. dxe5 dxe5 5. Qxd8+ Kxd8 6. Bg5 Bd6 7. O-O-O
Nbd7 8. Bc4 Ke8 9. f3 a6 10. Nge2 h6 11. Bh4 g5 12. Bf2 Bc5 13. Bxc5 Nxc5 14.
Nd5 Nxd5 15. Rxd5 Nd7 16. Rhd1 c6 17. Rd6 Ke7 18. Bb3 Nc5 19. Ng3 f6 20. Nf1
Nxb3+ 21. axb3 Be6 22. Ne3 Rad8 1/2-1/2

[Event "I Torneo Puntay A"]
[Site "Caldaro - Kaltern ITA"]
[Date "2016.10.22"]
[Round "2"]
[White "Tirelli, Mauro"]
[Black "Cancian, Loris"]
[WhiteElo "2144"]
[BlackElo "1856"]
[Result "1/2-1/2"]
[PlyCount "137"]
[EventDate "2016.10.21"]

1. e4 d6 2. d4 Nf6 3. Nc3 g6 4. f4 Bg7 5. Nf3 O-O 6. Bd3 Nc6 7. d5 Nb4 8. O-O
e6 9. Bc4 exd5 10. exd5 Bf5 11. Nd4 Bg4 12. Qd2 Re8 13. a3 Ne4 14. Nxe4 Rxe4
15. c3 c5 16. dxc6 Nxc6 17. Nxc6 bxc6 18. Bd3 Re7 19. f5 Re5 20. fxg6 hxg6 21.
Qc2 Qb6+ 22. Kh1 Rae8 23. Bf4 R5e6 24. b4 Be2 25. Bxe2 Rxe2 26. Qd3 d5 27. Qf3
Qd8 28. h3 Qe7 29. b5 cxb5 30. Qxd5 Qe4 31. Qxe4 R8xe4 32. Rf3 Rc2 33. Rd1 Re8
34. Rd7 Ree2 35. Bg3 f6 36. Rfd3 Rxg2 37. Re3 Rgd2 38. Rxa7 Rd1+ 39. Re1 Rxe1+
40. Bxe1 Rc1 41. Re7 f5 42. Kg2 Bxc3 43. Bxc3 Rxc3 44. Rb7 Rxa3 45. Rxb5 Kg7
46. Rb6 Kh6 47. Kh2 Kh5 48. Rb8 Kg5 49. Rb4 f4 50. Kg2 Ra2+ 51. Kf3 Ra3+ 52.
Kg2 Rg3+ 53. Kh2 Re3 54. Kg2 Kf5 55. Ra4 g5 56. Ra5+ Kg6 57. Ra8 Kf5 58. Ra5+
Re5 59. Ra4 g4 60. hxg4+ Kxg4 61. Ra2 Re3 62. Rb2 f3+ 63. Kf2 Kf4 64. Rb4+ Re4
65. Rxe4+ Kxe4 66. Kf1 Ke3 67. Ke1 Ke4 68. Kf2 Kf4 69. Kf1 1/2-1/2

[Event "I Torneo Puntay A"]
[Site "Caldaro - Kaltern ITA"]
[Date "2016.10.22"]
[Round "2"]
[White "Wertjanz, David"]
[Black "De Vita, Gianni"]
[WhiteElo "2332"]
[BlackElo "2054"]
[Result "1-0"]
[PlyCount "81"]
[EventDate "2016.10.21"]

1. Nf3 d5 2. b3 e6 3. Bb2 Nf6 4. e3 c5 5. Ne5 Bd6 6. Bb5+ Nbd7 7. f4 O-O 8. O-O
a6 9. Bd3 Ne4 10. c4 f5 11. Bc2 Nxe5 12. fxe5 Be7 13. d3 Ng5 14. Nd2 d4 15.
exd4 cxd4 16. Nf3 Nxf3+ 17. Qxf3 Bg5 18. b4 Be3+ 19. Kh1 Qb6 20. a4 Qc7 21.
Rae1 f4 22. c5 Bd7 23. Bb3 Rf5 24. Bxd4 Bxd4 25. Qe4 Raf8 26. Qxd4 f3 27. Rxf3
Rxf3 28. gxf3 Rxf3 29. Qd6 Qxd6 30. exd6 Kf7 31. Bc4 Rf5 32. d4 Bc6+ 33. Kg1
Bd5 34. Bxd5 Rxd5 35. Re4 Rg5+ 36. Kf2 Rf5+ 37. Ke3 Rg5 38. b5 Rg2 39. c6 bxc6
40. bxc6 Rc2 41. d7 1-0

[Event "I Torneo Puntay A"]
[Site "Caldaro - Kaltern ITA"]
[Date "2016.10.22"]
[Round "3"]
[White "Beck, Gerald"]
[Black "Pojer, Romeo"]
[WhiteElo "1903"]
[BlackElo "2084"]
[Result "0-1"]
[PlyCount "54"]
[EventDate "2016.10.21"]

1. c4 g6 2. g3 Bg7 3. Nc3 d6 4. Bg2 c5 5. Nf3 Nc6 6. O-O e6 7. e3 Nge7 8. d4
O-O 9. Rb1 b6 10. b3 Bb7 11. Bb2 Qb8 12. dxc5 dxc5 13. Ne4 e5 14. Qe2 Nb4 15.
Nc3 a6 16. Rbd1 Re8 17. Rd7 Bc6 18. Rd2 e4 19. Ne1 Qb7 20. f3 exf3 21. Bxf3 Nf5
22. Ng2 Nd4 23. Rxd4 cxd4 24. Nd5 Nxd5 25. cxd5 Bxd5 26. Bxd5 Qxd5 27. Qd3 Qb5
$138 0-1

[Event "I Torneo Puntay A"]
[Site "Caldaro - Kaltern ITA"]
[Date "2016.10.22"]
[Round "3"]
[White "Bertagnolli, Alexander"]
[Black "Dappiano, Andrea"]
[WhiteElo "2375"]
[BlackElo "2288"]
[Result "1-0"]
[PlyCount "83"]
[EventDate "2016.10.21"]

1. e4 e6 2. d4 d5 3. exd5 exd5 4. Bd3 Bd6 5. Qf3 Nc6 6. c3 Nge7 7. Ne2 Be6 8.
Bf4 Ng6 9. Bxd6 Qxd6 10. h4 O-O-O 11. Nd2 h5 12. Bxg6 fxg6 13. Qg3 Qd7 14. Nf1
Rhe8 15. Ne3 Bg4 16. Nf4 Nxd4 17. cxd4 Qb5 18. Rc1 Rd7 19. Rc2 Re4 20. Rd2 Rf7
21. Nd3 Rxd4 22. Nxg4 Rxg4 23. Qh3 Re7+ 24. Kd1 Kb8 25. Re1 Qa4+ 26. b3 Rxe1+
27. Nxe1 Qc6 28. Qf3 a6 29. Qxd5 Qc3 30. f3 Rf4 31. Qd8+ Ka7 32. g3 Rb4 33. Qd3
Qe5 34. f4 Qa1+ 35. Ke2 Rb6 36. Qd4 Qb1 37. a4 a5 38. Qe5 Qxb3 39. Qxa5+ Ra6
40. Qc5+ Qb6 41. Qxb6+ Kxb6 42. Rd7 1-0

[Event "I Torneo Puntay A"]
[Site "Caldaro - Kaltern ITA"]
[Date "2016.10.22"]
[Round "3"]
[White "De Nisi, Roberta"]
[Black "Casadio, Lorenzo"]
[WhiteElo "1852"]
[BlackElo "1939"]
[Result "1/2-1/2"]
[PlyCount "46"]
[EventDate "2016.10.21"]

1. d4 Nf6 2. c4 c5 3. d5 b5 4. cxb5 a6 5. b6 e6 6. Nc3 Qxb6 7. e4 Be7 8. Rb1
O-O 9. Bc4 exd5 10. exd5 d6 11. Nge2 Nbd7 12. O-O Ne5 13. Bd3 Bb7 14. Bc2 Rfe8
15. Ng3 h6 16. Nh5 Qb4 17. Nxf6+ Bxf6 18. Ne4 Be7 19. Nc3 Qh4 20. Bf5 g6 21. g3
Qf6 22. Be4 Bf8 23. Bg2 Bc8 1/2-1/2

[Event "I Torneo Puntay A"]
[Site "Caldaro - Kaltern ITA"]
[Date "2016.10.22"]
[Round "3"]
[White "De Vita, Gianni"]
[Black "Paltrinieri, Nicholas"]
[WhiteElo "2054"]
[BlackElo "2235"]
[Result "0-1"]
[PlyCount "108"]
[EventDate "2016.10.21"]

1. e4 e6 2. d4 d5 3. exd5 exd5 4. Nf3 Nf6 5. Bg5 Be7 6. Bd3 O-O 7. Nbd2 Re8 8.
O-O Nbd7 9. Re1 a6 10. Ne5 h6 11. Bh4 Nxe5 12. dxe5 Nd7 13. Bg3 Nc5 14. Nf3
Nxd3 15. Qxd3 c5 16. Rad1 Be6 17. h3 b5 18. Nh2 Qd7 19. Nf1 Red8 20. c3 Rac8
21. Rc1 d4 22. a3 Bf5 23. Qf3 d3 24. Nd2 c4 25. Bf4 Be6 26. Qg3 Kh7 27. Be3 Bd5
28. Bd4 Qe6 29. f4 g6 30. Qe3 g5 31. Rcd1 Rg8 32. f5 Qxf5 33. Rf1 Qg6 34. g4
Rge8 35. Rf5 Kg8 36. Rdf1 Rf8 37. Ne4 Bxe4 38. Qxe4 Rc6 39. Kf2 Re6 40. Ke3 Bd8
41. Kd2 Rfe8 42. Qb7 R6e7 43. Qd5 Bc7 44. Rf6 Qh7 45. R1f5 Qg7 46. Qc5 Bb8 47.
Qd5 Re6 48. Qc5 R8e7 49. Qc8+ Re8 50. Qc5 Qf8 51. Qd5 Qe7 52. Bc5 Qd8 53. Qxd8
Rxd8 54. Rf1 Bxe5 0-1